[Event "Titled Tuesday intern op 2nd Aug"]
[Site "Chess.com INT"]
[Date "2016.08.02"]
[Round "1"]
[White "Limontaite, Simona"]
[Black "Leiva Rodriguez, Jeammarco Giuseppe"]
[Result "1/2-1/2"]
[WhiteElo "2214"]
[BlackElo "2386"]
[PlyCount "126"]
[EventDate "2016.08.02"]
[EventType "swiss (blitz)"]
[EventRounds "9"]
[EventCountry "USA"]
[SourceTitle "EXT 2021"]
[Source "ChessBase"]
[SourceDate "2020.10.23"]
[SourceVersion "1"]
[SourceVersionDate "2020.10.23"]
[SourceQuality "1"]

1. d4 Nf6 2. c4 e6 3. Nf3 b6 4. g3 Bb7 5. Bg2 Bb4+ 6. Bd2 c5 7. 0-0 0-0 8. Bxb4 cxb4 9. d5 Qc7 10. Qb3 a5 11. Nd4 Na6 12. Nb5 Qe5 13. dxe6 Bxg2 14. exf7+ Rxf7 15. Kxg2 Qxe2 16. Nd6 Re7 17. c5+ Qe6 18. cxb6 Nc5 19. Qxe6+ Rxe6 20. Rd1 Rb8 21. Nc4 a4 22. a3 bxa3 23. Rxa3 d5 24. Ne3 Rbxb6 25. Nc3 Rxb2 26. Ncxd5 Nfe4 27. Nf4 Rxf2+ 28. Kg1 Rb6 29. Ng4 Rd2 30. Rxd2 Nxd2 31. Nd5 Rb3 32. Ra2 Nde4 33. Ne5 a3 34. Nc4 Rb1+ 35. Kg2 Rd1 36. Nde3 Re1 37. Rxa3 Re2+ 38. Kg1 h6 39. Nf1 Ng5 40. Re3 Nh3+ 41. Kh1 Rf2 42. Ncd2 Ng5 43. Kg1 Nh3+ 44. Kh1 Nd7 45. Rf3 Re2 46. Re3 Rf2 47. Rf3 Ne5 48. Rxf2 Nxf2+ 49. Kg2 Nfg4 50. h3 Nf6 51. Nf3 Nc4 52. Kf2 Ne4+ 53. Kg2 Kf7 54. g4 g5 55. Ne1 Ke6 56. Nf3 Kd5 57. h4 Ne5 58. hxg5 hxg5 59. Nxe5 Kxe5 60. Nh2 Kf4 61. Nf3 Nf6 62. Nxg5 Kxg5 63. Kg3 Nxg4 1/2-1/2

[Event "Titled Tuesday intern op 3rd May"]
[Site "Chess.com INT"]
[Date "2016.05.03"]
[Round "3"]
[White "Limontaite, Simona"]
[Black "Havanecz, Bianka"]
[Result "0-1"]
[WhiteElo "2214"]
[BlackElo "2238"]
[PlyCount "92"]
[EventDate "2016.05.03"]
[EventType "swiss (blitz)"]
[EventRounds "9"]
[EventCountry "USA"]
[SourceTitle "EXT 2021"]
[Source "ChessBase"]
[SourceDate "2020.10.23"]
[SourceVersion "1"]
[SourceVersionDate "2020.10.23"]
[SourceQuality "1"]

1. d4 d5 2. c4 c6 3. Nc3 Nf6 4. Bf4 e6 5. e3 Nbd7 6. Nf3 Be7 7. c5 0-0 8. h3 b6 9. b4 a5 10. a3 Re8 11. Bd3 h6 12. 0-0 Bf8 13. b5 bxc5 14. bxc6 Nb6 15. c7 Qe7 16. dxc5 Qxc5 17. Rc1 Nc4 18. Na4 Qxa3 19. Bxc4 dxc4 20. Rxc4 Nd5 21. Bg3 Ba6 22. Qd4 Bxc4 23. Qxc4 Bd6 24. e4 Bxg3 25. exd5 exd5 26. Qc6 Bxc7 27. Nc5 Rac8 28. Qxd5 Bh2+ 29. Kxh2 Qxc5 30. Qd2 Qc3 31. Qa2 Ra8 32. Rb1 a4 33. Rb7 Rf8 34. Nh4 Qe5+ 35. g3 Qe6 36. Qa3 Rfd8 37. Re7 Qf6 38. Kg2 Rd2 39. Nf3 Rc2 40. Qe3 Rc3 41. Qe4 Rac8 42. Re8+ Rxe8 43. Qxe8+ Kh7 44. Qe4+ g6 45. Ne5 a3 46. Nc4 a2 0-1

[Event "Titled Tuesday intern op 3rd May"]
[Site "Chess.com INT"]
[Date "2016.05.03"]
[Round "1"]
[White "Smirnov, Pavel"]
[Black "Limontaite, Simona"]
[Result "1-0"]
[WhiteElo "2564"]
[BlackElo "2214"]
[PlyCount "89"]
[EventDate "2016.05.03"]
[EventType "swiss (blitz)"]
[EventRounds "9"]
[EventCountry "USA"]
[SourceTitle "EXT 2021"]
[Source "ChessBase"]
[SourceDate "2020.10.23"]
[SourceVersion "1"]
[SourceVersionDate "2020.10.23"]
[SourceQuality "1"]

1. d4 d5 2. c4 e6 3. Nf3 Nf6 4. g3 Be7 5. Bg2 0-0 6. 0-0 c6 7. Nc3 Nbd7 8. Qd3 Re8 9. b3 b6 10. Bb2 Bb7 11. Rfd1 Rc8 12. Rac1 Bd6 13. e4 dxe4 14. Nxe4 Nxe4 15. Qxe4 Qe7 16. c5 Bb8 17. b4 Nf6 18. Qe2 Nd5 19. a3 Bc7 20. Ne5 Bxe5 21. dxe5 Ra8 22. Bd4 b5 23. Qe1 Qc7 24. Bc3 Bc8 25. Bd2 Bd7 26. h4 Reb8 27. h5 Rf8 28. h6 f5 29. hxg7 Kxg7 30. Bf3 Be8 31. Kg2 Bg6 32. Qh1 Rad8 33. Bh6+ Kg8 34. Bxf8 Rxf8 35. Re1 f4 36. g4 Rf7 37. Qh6 Qe7 38. Rcd1 Qf8 39. Qxf8+ Kxf8 40. Rd4 Ke7 41. Bxd5 exd5 42. Kf3 h5 43. Rxf4 hxg4+ 44. Kxg4 Bh5+ 45. Kg5 1-0

[Event "Cappelle op 27th"]
[Site "Cappelle la Grande"]
[Date "2011.03.01"]
[Round "5"]
[White "Limontaite, Simona"]
[Black "Kanep, Meelis"]
[Result "0-1"]
[WhiteElo "2198"]
[BlackElo "2531"]
[PlyCount "70"]
[EventDate "2011.02.26"]
[EventType "swiss"]
[EventRounds "9"]
[EventCountry "FRA"]
[SourceTitle "CBM 141 Extra"]
[Source "ChessBase"]
[SourceDate "2011.05.03"]
[SourceVersion "1"]
[SourceVersionDate "2011.05.03"]
[SourceQuality "1"]

1. d4 Nf6 2. c4 e6 3. Nf3 c5 4. d5 b5 5. Bg5 exd5 6. cxd5 d6 7. e3 a6 8. a4 b4 9. Bc4 Be7 10. h3 Bb7 11. Qd3 0-0 12. Nbd2 a5 13. Bf4 Nbd7 14. 0-0 Nh5 15. Bh2 f5 16. Rad1 Kh8 17. Rfe1 Nb6 18. b3 Bc8 19. Bb5 Nf6 20. Nc4 Ne4 21. Nxb6 Qxb6 22. Bc4 Bf6 23. Rc1 Bd7 24. Rf1 Bc3 25. Qc2 Rae8 26. Rfd1 Qd8 27. Qd3 Rf6 28. Qf1 g5 29. Kh1 g4 30. Ng1 Rg8 31. Bf4 Qe8 32. Rc2 Be5 33. g3 gxh3 34. Nf3 Bxf4 35. exf4 Rxg3 0-1

[Event "Olympiad Women-39"]
[Site "Khanty-Mansiysk"]
[Date "2010.09.29"]
[Round "8.22"]
[White "Nguyen, Thu Giang"]
[Black "Limontaite, Simona"]
[Result "0-1"]
[WhiteElo "2108"]
[BlackElo "2187"]
[PlyCount "132"]
[EventDate "2010.09.21"]
[EventType "team-swiss"]
[EventRounds "11"]
[EventCountry "RUS"]
[SourceTitle "CBM 139"]
[Source "ChessBase"]
[SourceDate "2010.11.18"]
[SourceVersion "1"]
[SourceVersionDate "2010.11.18"]
[SourceQuality "1"]
[WhiteTeam "Australia (W)"]
[BlackTeam "Lithuania (W)"]
[WhiteTeamCountry "AUS"]
[BlackTeamCountry "LTU"]

1. e4 d6 2. d4 Nf6 3. Nc3 c6 4. f4 Qa5 5. Bd3 e5 6. Nf3 Nbd7 7. Be3 Ng4 8. Bd2 Qc7 9. h3 Ngf6 10. 0-0 Be7 11. Qe2 0-0 12. g4 b5 13. Nd1 c5 14. c3 Bb7 15. fxe5 dxe5 16. d5 c4 17. Bc2 Bc8 18. Ne3 Nc5 19. Ng2 Bd6 20. Nfh4 Ne8 21. Nf5 Bxf5 22. Rxf5 Be7 23. Raf1 Nd7 24. g5 Nd6 25. R5f3 a5 26. a3 Nc5 27. h4 Qd7 28. Be1 Qg4 29. Re3 Qxe2 30. Rxe2 f6 31. gxf6 Rxf6 32. Bg3 Rxf1+ 33. Kxf1 Bf6 34. Ne1 Rb8 35. Nf3 Nd7 36. Bf2 Kf7 37. Be3 Ke7 38. Ng5 b4 39. axb4 axb4 40. Ba4 b3 41. Bf2 Bxg5 42. hxg5 Rf8 43. Bxd7 Kxd7 44. Ke1 Rf4 45. Bg3 Rxe4 46. Bxe5 Rg4 47. Bxg7 Rxg5 48. Bf6 Rxd5 49. Re7+ Kc6 50. Rxh7 Ne4 51. Bh8 Nc5 52. Rh2 Nd3+ 53. Kf1 Rf5+ 54. Kg1 Kd5 55. Bd4 Ke4 56. Re2+ Kf3 57. Re3+ Kf4 58. Re2 Ra5 59. Kg2 Ra2 60. Be3+ Kf5 61. Kf3 Rxb2 62. Bd2 Rc2 63. Rh2 b2 64. Rh5+ Kg6 65. Rb5 Rxd2 66. Ke3 Rd1 0-1

[Event "Graz (Women) 17th"]
[Site "Graz"]
[Date "2010.09.02"]
[Round "6"]
[White "Limontaite, Simona"]
[Black "Moser, Eva"]
[Result "0-1"]
[WhiteElo "2230"]
[BlackElo "2440"]
[PlyCount "56"]
[EventDate "2010.08.21"]
[EventType "tourn"]
[EventRounds "9"]
[EventCountry "AUT"]
[SourceTitle "CBM 138 Extra"]
[Source "ChessBase"]
[SourceDate "2010.10.29"]
[SourceVersion "1"]
[SourceVersionDate "2010.10.29"]
[SourceQuality "1"]

1. d4 c5 2. d5 d6 3. c4 g6 4. Nc3 Bg7 5. Qc2 e6 6. Nf3 Ne7 7. e4 0-0 8. Bd3 exd5 9. cxd5 f5 10. 0-0 f4 11. Ne2 g5 12. Nxg5 Ng6 13. Nf3 Bg4 14. Kh1 Bxf3 15. gxf3 Nd7 16. e5 Ndxe5 17. Be4 Qh4 18. Bd2 Qh5 19. Qb3 b5 20. Rg1 a5 21. Rg2 a4 22. Qc2 Nxf3 23. Bxg6 hxg6 24. Bxf4 Nh4 25. Rg3 Rae8 26. Be3 Qxd5+ 27. Kg1 Nf3+ 28. Kf1 Rxe3 0-1

[Event "Graz (Women) 17th"]
[Site "Graz"]
[Date "2010.09.01"]
[Round "5"]
[White "Novkovic, Julia"]
[Black "Limontaite, Simona"]
[Result "1/2-1/2"]
[WhiteElo "2157"]
[BlackElo "2230"]
[PlyCount "73"]
[EventDate "2010.08.21"]
[EventType "tourn"]
[EventRounds "9"]
[EventCountry "AUT"]
[SourceTitle "CBM 138 Extra"]
[Source "ChessBase"]
[SourceDate "2010.10.29"]
[SourceVersion "1"]
[SourceVersionDate "2010.10.29"]
[SourceQuality "1"]

1. e4 d6 2. d4 Nf6 3. Nc3 c6 4. a4 Nbd7 5. g4 h6 6. h3 e5 7. Bg2 Be7 8. Nge2 Nf8 9. Ng3 Qb6 10. Nce2 Ng6 11. a5 Qc7 12. Qd3 Nh4 13. Rg1 g5 14. Bh1 Bd7 15. Be3 Ng6 16. Nf5 Bxf5 17. exf5 Nf4 18. Nxf4 exf4 19. Bd2 d5 20. f3 h5 21. Bg2 h4 22. Kf2 0-0 23. Rge1 Rfc8 24. b4 b6 25. Bf1 b5 26. c3 Bd6 27. Qc2 Re8 28. Bd3 Qd7 29. Rxe8+ Rxe8 30. Re1 Kf8 31. Rxe8+ Qxe8 32. Qb1 Qe7 33. Qc2 Bc7 34. Bc1 Kg8 35. Bd2 Qd8 36. Qa2 Qe8 37. Qc2 1/2-1/2

[Event "Wroclaw op 5th"]
[Site "Wroclaw"]
[Date "2010.06.27"]
[Round "2"]
[White "Hetzer, Volkhard"]
[Black "Limontaite, Simona"]
[Result "0-1"]
[WhiteElo "2063"]
[BlackElo "2230"]
[PlyCount "80"]
[EventDate "2010.06.26"]
[EventType "swiss"]
[EventRounds "9"]
[EventCountry "POL"]
[SourceTitle "CBM 137 Extra"]
[Source "ChessBase"]
[SourceDate "2010.09.01"]
[SourceVersion "1"]
[SourceVersionDate "2010.09.01"]
[SourceQuality "1"]

1. Nf3 d5 2. g3 Nf6 3. Bg2 c6 4. d3 Bg4 5. Nbd2 Nbd7 6. 0-0 e6 7. e4 Be7 8. h3 Bh5 9. Re1 dxe4 10. dxe4 0-0 11. Nc4 Bxf3 12. Bxf3 e5 13. Bd2 Re8 14. Ba5 b6 15. Bc3 Qc7 16. Qe2 Bf8 17. h4 b5 18. Ba5 Qb7 19. Ne3 Nc5 20. Ng4 Nfd7 21. Red1 Nb6 22. b3 h5 23. Ne3 g6 24. Bc3 Nbd7 25. Ng2 Ne6 26. Bb2 Bg7 27. c3 a5 28. Rd2 a4 29. Rad1 Nb6 30. b4 Nc4 31. Rd3 c5 32. Rd7 Qc8 33. R7d5 a3 34. Ba1 Rb8 35. bxc5 Nxc5 36. Ne3 Nb6 37. Rd6 Bf8 38. R6d2 Bh6 39. Nd5 Nxd5 40. Rxd5 Na4 0-1

[Event "Warsaw AIG Life rapid 9th"]
[Site "Warsaw"]
[Date "2009.12.20"]
[Round "9"]
[White "Limontaite, Simona"]
[Black "Grabarczyk, Miroslaw"]
[Result "0-1"]
[WhiteElo "2222"]
[BlackElo "2475"]
[PlyCount "74"]
[EventDate "2009.12.19"]
[EventType "swiss (rapid)"]
[EventRounds "13"]
[EventCountry "POL"]
[SourceTitle "CBM 133 Extra"]
[Source "ChessBase"]
[SourceDate "2010.01.05"]
[SourceVersion "1"]
[SourceVersionDate "2010.01.05"]
[SourceQuality "1"]

1. d4 d5 2. c4 e6 3. Nc3 Nf6 4. Nf3 Be7 5. Bf4 0-0 6. e3 Nbd7 7. c5 Nh5 8. Bd3 Nxf4 9. exf4 c6 10. 0-0 b6 11. b4 bxc5 12. bxc5 Qa5 13. Qc2 g6 14. Ne5 Nxe5 15. fxe5 Rb8 16. Rfb1 Ba6 17. Bxa6 Qxa6 18. Rxb8 Rxb8 19. Rb1 Rxb1+ 20. Nxb1 h5 21. f4 Bd8 22. Kf2 Ba5 23. Qb3 Kg7 24. g3 Kh7 25. h3 Kg7 26. g4 h4 27. f5 gxf5 28. gxf5 exf5 29. Qc2 Kg6 30. Qb3 Kg7 31. Qc2 Qc8 32. Kf3 Qe6 33. Nc3 Bxc3 34. Qxc3 Qg6 35. Qe1 Qg5 36. Qf2 f4 37. Qd2 Qg3+ 0-1

[Event "Warsaw AIG Life rapid 9th"]
[Site "Warsaw"]
[Date "2009.12.19"]
[Round "3"]
[White "Limontaite, Simona"]
[Black "Stupak, Kirill"]
[Result "0-1"]
[WhiteElo "2222"]
[BlackElo "2456"]
[PlyCount "92"]
[EventDate "2009.12.19"]
[EventType "swiss (rapid)"]
[EventRounds "13"]
[EventCountry "POL"]
[SourceTitle "CBM 133 Extra"]
[Source "ChessBase"]
[SourceDate "2010.01.05"]
[SourceVersion "1"]
[SourceVersionDate "2010.01.05"]
[SourceQuality "1"]

1. d4 e6 2. c4 Nf6 3. Nf3 c5 4. d5 exd5 5. cxd5 Bd6 6. Nc3 Bc7 7. e4 d6 8. Bd3 a6 9. a4 0-0 10. h3 Re8 11. 0-0 Nbd7 12. Bf4 Nf8 13. Re1 Ng6 14. Bh2 Rb8 15. Nd2 Ne5 16. Bf1 Bd7 17. Bxe5 Rxe5 18. Nc4 Re8 19. a5 Bb5 20. f4 Nd7 21. Qg4 Bxc4 22. Bxc4 Bxa5 23. Re3 Bxc3 24. bxc3 Nf6 25. Qf3 b5 26. Bb3 Qb6 27. Kh2 c4 28. Bc2 Nxd5 29. Re2 Ne7 30. f5 Qc5 31. e5 dxe5 32. f6 Ng6 33. Bxg6 hxg6 34. Rxa6 Qc8 35. Ra7 Qf5 36. fxg7 Qxf3 37. gxf3 Kxg7 38. Rb2 e4 39. fxe4 Rxe4 40. Rf2 Rf8 41. Rb7 Re5 42. Rb2 Rfe8 43. R7xb5 Rxb5 44. Rxb5 Re3 45. Rc5 Rxc3 46. Rc6 g5 0-1

[Event "EU-ch (Women) 10th"]
[Site "St Petersburg"]
[Date "2009.03.12"]
[Round "5"]
[White "Zizlova, Sofia"]
[Black "Limontaite, Simona"]
[Result "1/2-1/2"]
[WhiteElo "2020"]
[BlackElo "2206"]
[PlyCount "199"]
[EventDate "2009.03.08"]
[EventType "swiss"]
[EventRounds "11"]
[EventCountry "RUS"]
[SourceTitle "CBM 129 Extra"]
[Source "ChessBase"]
[SourceDate "2009.05.05"]
[SourceVersion "2"]
[SourceVersionDate "2009.05.20"]
[SourceQuality "1"]

1. e4 d6 2. d4 Nf6 3. Nc3 c6 4. Nf3 Bg4 5. h3 Bh5 6. Be2 e6 7. Bf4 d5 8. exd5 cxd5 9. Ne5 Bxe2 10. Nxe2 Be7 11. 0-0 0-0 12. c3 Nc6 13. Nc1 Rc8 14. Ncd3 Na5 15. Re1 Nc4 16. Qe2 Ne8 17. Rad1 b5 18. a3 a5 19. Bg3 Ned6 20. Bf4 Ne4 21. Qg4 Nf6 22. Qe2 Qb6 23. Bg5 Qc7 24. Ng4 Nxg4 25. Qxg4 Bxg5 26. Qxg5 Qa7 27. Qg4 b4 28. axb4 axb4 29. Ra1 Qc7 30. cxb4 Qb6 31. Rad1 Nd6 32. h4 Nf5 33. Ne5 Qxb4 34. Re2 Rc7 35. h5 Rfc8 36. Qf4 Qa4 37. Ree1 Rc2 38. Ng4 h6 39. Ne3 Nxe3 40. fxe3 Rxb2 41. Rf1 Rf8 42. Rc1 Qa2 43. Qf3 Re2 44. Rc7 Qd2 45. Rxf7 Rxg2+ 46. Qxg2 Qxg2+ 47. Kxg2 Rxf7 48. Rh1 Rf5 49. Kg3 Kf7 50. Kg4 Kf6 51. e4 dxe4 52. Re1 Rg5+ 53. Kh4 g6 54. hxg6 Kxg6 55. Rxe4 Kf5 56. Re5+ Kf6 57. Re4 Rf5 58. Kg4 Ke7 59. Re3 h5+ 60. Kh4 Kd6 61. Re2 Kd5 62. Re1 Kd6 63. Re2 Rd5 64. Re1 Ke7 65. Re2 Kf6 66. Rf2+ Rf5 67. Re2 Rd5 68. Rf2+ Kg6 69. Rf4 Rf5 70. Re4 Kf6 71. Re2 Ke7 72. Re3 Kd6 73. Re1 Kd5 74. Re2 Rf4+ 75. Kxh5 Rxd4 76. Kg5 e5 77. Ra2 Rc4 78. Ra5+ Ke4 79. Kg4 Rc3 80. Ra4+ Kd5 81. Ra8 Kd4 82. Rd8+ Ke3 83. Kg3 Ke2+ 84. Kg2 e4 85. Ra8 Rc2 86. Ra1 e3 87. Ra7 Rd2 88. Ra1 Rc2 89. Ra7 Kd1+ 90. Kf3 e2 91. Ra1+ Kd2 92. Kf2 Rb2 93. Re1 Kd3 94. Ra1 Rc2 95. Ra3+ Kd2 96. Ra1 Rb2 97. Re1 Kd3 98. Ra1 Rc2 99. Ra3+ Kd2 100. Ra1 1/2-1/2

[Event "EU-ch (Women) 10th"]
[Site "St Petersburg"]
[Date "2009.03.09"]
[Round "2"]
[White "Limontaite, Simona"]
[Black "Zhukova, Natalia"]
[Result "1/2-1/2"]
[WhiteElo "2206"]
[BlackElo "2490"]
[PlyCount "104"]
[EventDate "2009.03.08"]
[EventType "swiss"]
[EventRounds "11"]
[EventCountry "RUS"]
[SourceTitle "CBM 129 Extra"]
[Source "ChessBase"]
[SourceDate "2009.05.05"]
[SourceVersion "2"]
[SourceVersionDate "2009.05.20"]
[SourceQuality "1"]

1. d4 d5 2. c4 c6 3. Nc3 Nf6 4. e3 e6 5. Nf3 Nbd7 6. Bd3 dxc4 7. Bxc4 b5 8. Bd3 Bb7 9. e4 b4 10. Na4 c5 11. e5 Nd5 12. Nxc5 Nxc5 13. dxc5 Bxc5 14. 0-0 h6 15. Nd2 Nb6 16. Ne4 Bxe4 17. Bxe4 Qxd1 18. Rxd1 Rc8 19. b3 0-0 20. Bb2 Rfd8 21. Kf1 a5 22. a4 bxa3 23. Rxd8+ Rxd8 24. Bxa3 Bxa3 25. Rxa3 Rd4 26. f3 a4 27. Ke2 g5 28. bxa4 Nxa4 29. Bc6 Nb6 30. Ra5 Rc4 31. Be4 Rb4 32. Rc5 Rb2+ 33. Kf1 Kg7 34. Rc7 Ra2 35. Rc5 Nd7 36. Rb5 Nf8 37. Kg1 Ng6 38. g3 Nf8 39. Bc6 Rc2 40. Be4 Rd2 41. Bc6 Ng6 42. Be4 h5 43. h3 Ra2 44. Bxg6 Kxg6 45. g4 h4 46. Rc5 Rd2 47. Ra5 Kg7 48. Ra4 Re2 49. Ra5 Kg6 50. Rb5 Rd2 51. Ra5 Kg7 52. Ra4 Re2 1/2-1/2

[Event "Olympiad Women-38"]
[Site "Dresden"]
[Date "2008.11.21"]
[Round "8"]
[White "Limontaite, Simona"]
[Black "Makropoulou, Marina"]
[Result "1-0"]
[WhiteElo "2197"]
[BlackElo "2265"]
[PlyCount "131"]
[EventDate "2008.11.13"]
[EventType "team-swiss"]
[EventRounds "11"]
[EventCountry "GER"]
[SourceTitle "CBM 128"]
[Source "ChessBase"]
[SourceDate "2009.01.28"]
[SourceVersion "1"]
[SourceVersionDate "2009.01.28"]
[SourceQuality "1"]
[WhiteTeam "Lithuania (W)"]
[BlackTeam "Greece (W)"]
[WhiteTeamCountry "LTU"]
[BlackTeamCountry "GRE"]

1. d4 d6 2. c4 e5 3. Nc3 exd4 4. Qxd4 Nf6 5. Qd2 g6 6. g3 Bg7 7. Bg2 0-0 8. b3 a5 9. Bb2 Nbd7 10. Nh3 Nc5 11. Rd1 Re8 12. f3 a4 13. b4 a3 14. Ba1 Na6 15. Nd5 Nxd5 16. cxd5 Bxa1 17. Rxa1 Bxh3 18. Bxh3 Qf6 19. Kf2 c5 20. dxc6 bxc6 21. Bd7 Re7 22. Bxc6 Rb8 23. Rab1 d5 24. Rhc1 d4 25. b5 Nc7 26. Rb3 Qd6 27. Qf4 Re5 28. Rc2 Ne6 29. Qc1 Ng5 30. h4 Ne6 31. Qxa3 Rc5 32. Rd3 Rd8 33. Rcd2 Qe5 34. Qb2 h5 35. a4 g5 36. hxg5 h4 37. f4 hxg3+ 38. Rxg3 Qxf4+ 39. Kg2 Rxg5 40. Rdd3 f6 41. Qa2 Kf7 42. Rxg5 Qxg5+ 43. Rg3 Qe5 44. a5 f5 45. a6 Kf6 46. Qd2 f4 47. Rg4 Rh8 48. Bf3 Qxb5 49. a7 Qa4 50. Qd3 Qxa7 51. Qg6+ Ke5 52. Qe4+ Kd6 53. Rg6 Qf7 54. Qxd4+ Ke7 55. Rxe6+ Qxe6 56. Qxh8 Qg6+ 57. Kf2 Qb6+ 58. Kf1 Qb1+ 59. Kg2 Qg6+ 60. Kh1 Qg3 61. Qh2 Qg5 62. Qh3 Kd6 63. Qg4 Qe5 64. Qg6+ Kc7 65. Qc6+ Kd8 66. Qd5+ 1-0

[Event "Olympiad Women-38"]
[Site "Dresden"]
[Date "2008.11.17"]
[Round "5"]
[White "Limontaite, Simona"]
[Black "Lauterbach, Ingrid"]
[Result "0-1"]
[WhiteElo "2197"]
[BlackElo "2178"]
[PlyCount "140"]
[EventDate "2008.11.13"]
[EventType "team-swiss"]
[EventRounds "11"]
[EventCountry "GER"]
[SourceTitle "CBM 128"]
[Source "ChessBase"]
[SourceDate "2009.01.28"]
[SourceVersion "1"]
[SourceVersionDate "2009.01.28"]
[SourceQuality "1"]
[WhiteTeam "Lithuania (W)"]
[BlackTeam "England (W)"]
[WhiteTeamCountry "LTU"]
[BlackTeamCountry "ENG"]

1. d4 d6 2. Nf3 g6 3. c4 Bg7 4. e4 c5 5. d5 Qa5+ 6. Bd2 Qb6 7. Nc3 f5 8. Na4 Qd8 9. Bc3 Nf6 10. e5 dxe5 11. Nxc5 b6 12. Qa4+ Kf8 13. Nb3 Ne4 14. Bxe5 Bxe5 15. Nxe5 Qd6 16. Nd3 Na6 17. Be2 e6 18. dxe6 Qxe6 19. 0-0 Qd7 20. Qa3+ Qe7 21. Qxe7+ Kxe7 22. Rfe1 Kf6 23. f3 Nec5 24. Nbxc5 Nxc5 25. Nxc5 bxc5 26. Rad1 Be6 27. f4 Rad8 28. b3 h6 29. Kf2 g5 30. Bf3 Rxd1 31. Rxd1 gxf4 32. Be2 Ke5 33. Bh5 Rg8 34. Re1+ Kf6 35. Kf3 Bc8 36. Kf2 Rd8 37. Rd1 Rxd1 38. Bxd1 Bb7 39. Bf3 Be4 40. a3 a5 41. g3 Ke5 42. Bd1 fxg3+ 43. Kxg3 f4+ 44. Kg4 Bg6 45. h4 Bf7 46. Bc2 h5+ 47. Kf3 Be6 48. Bg6 Bg4+ 49. Kf2 Kd4 50. Be8 Kc3 51. a4 Kxb3 52. Bb5 Kc3 53. Ke1 Kd3 54. Kf2 Kd2 55. Bc6 Bd1 56. Be8 Kd3 57. Bb5 Kd4 58. Ke1 Bb3 59. Kf2 Bxc4 60. Be8 Bb3 61. Ke2 c4 62. Kd2 c3+ 63. Kc1 Ke3 64. Bxh5 Bxa4 65. Bg4 Kd4 66. Bf3 Bd7 67. h5 Bf5 68. Bd1 Ke5 69. Bf3 Kf6 70. Bd1 Ke5 0-1

[Event "EU-Cup (Women) 13th"]
[Site "Kallithea"]
[Date "2008.10.20"]
[Round "4"]
[White "Limontaite, Simona"]
[Black "Iordanidou, Zoi"]
[Result "1-0"]
[WhiteElo "2197"]
[BlackElo "2110"]
[PlyCount "75"]
[EventDate "2008.10.17"]
[EventType "team-swiss"]
[EventRounds "7"]
[EventCountry "GRE"]
[SourceTitle "CBM 126 Extra"]
[Source "ChessBase"]
[SourceDate "2008.11.05"]
[SourceVersion "1"]
[SourceVersionDate "2008.11.05"]
[SourceQuality "1"]
[WhiteTeam "Panevezys (W)"]
[BlackTeam "Attikis Aspropirgos (W)"]
[WhiteTeamCountry "LTU"]
[BlackTeamCountry "GRE"]

1. d4 Nf6 2. c4 c5 3. d5 b5 4. cxb5 a6 5. bxa6 Bxa6 6. Nc3 d6 7. g3 g6 8. Bg2 Bg7 9. Nf3 Nbd7 10. Rb1 0-0 11. 0-0 Qa5 12. Bd2 Rfb8 13. a4 Qd8 14. b3 Ra7 15. Re1 Rab7 16. Qc2 Ne8 17. Na2 Nb6 18. b4 Nc4 19. b5 Na3 20. Qd3 Nxb1 21. Rxb1 Qd7 22. Nc3 Nc7 23. Rd1 Nxb5 24. axb5 Bxb5 25. Nxb5 Rxb5 26. h4 Qb7 27. Kh2 Ra8 28. Ng5 Rb3 29. Qe4 Bf6 30. h5 Qb5 31. Qg4 Rb1 32. Rxb1 Qxb1 33. Be4 Qf1 34. Be3 Bxg5 35. Qxg5 Ra1 36. Qxe7 gxh5 37. Qd8+ Kg7 38. Bh6+ 1-0